2019 FIFA Women's World Cup Teams - Statistics

General Stats
  • This quiz has been taken 386 times
  • The average score is 18 of 24
Answer Stats
Hint Answer % Correct
Group F United States
96%
Group D England
92%
Group A France
91%
Group B Germany
90%
Group C Brazil
89%
Group D Japan
87%
Group B Spain
87%
Group F Sweden
86%
Group E Canada
84%
Group B China
84%
Group A Norway
82%
Group C Australia
81%
Group C Italy
80%
Group E Netherlands
80%
Group D Argentina
79%
Group A South Korea
72%
Group A Nigeria
71%
Group E New Zealand
69%
Group F Chile
66%
Group B South Africa
65%
Group D Scotland
61%
Group F Thailand
55%
Group E Cameroon
52%
Group C Jamaica
47%
No matching quizzes found
Score Distribution
Percent of People with Each Score
Percentile by Number Answered
Your Score History
You have not taken this quiz